Révoltes et répressions dans la France moderne (notice n° 2198489)

détails MARC
000 -LEADER
fixed length control field 01601cam a2200133 4500500
005 - DATE AND TIME OF LATEST TRANSACTION
control field 20260405085544.0
041 ## - LANGUAGE CODE
Language code of text/sound track or separate title fre
042 ## - AUTHENTICATION CODE
Authentication code dc
100 10 - MAIN ENTRY--PERSONAL NAME
Personal name Aubert, Gauthier
Relator term author
245 00 - TITLE STATEMENT
Title Révoltes et répressions dans la France moderne
260 ## - PUBLICATION, DISTRIBUTION, ETC.
Name of publisher, distributor, etc. Armand Colin,<br/>
Date of publication, distribution, etc. 2015.<br/>
520 ## - SUMMARY, ETC.
Summary, etc. La France des XVIe-XVIIIe siècles est marquée par des périodes de rébellions et de révoltes, qui culminent avec la Révolution. Cet ouvrage constitue le premier manuel exclusivement consacré au fait rébellionnaire et ouvre un champ d’étude et de réflexion sur ce phénomène essentiel, au cœur de l’histoire politique de la France à l’époque moderne. Outre l’étude de la mise en place de l’absolutisme et ses implications sociales et culturelles, il établit les jalons d’une histoire du maintien de l’ordre et de la répression, en mettant en lumière ses traits originaux comme l’importance des processus de médiation, longtemps occultés. Dans un premier temps, l’ouvrage déroule, sur trois siècles, la trame événementielle des mouvements de révolte, populaires comme nobiliaires, en présentant le contexte, les acteurs et les réponses du pouvoir. Puis il se consacre aux approches transversales et au décryptage de ces épisodes : quels sont les mots, les modalités, les temps et les lieux, les figures de la révolte ? Quelles sont les formes de règlement, pacifique ou violent, de ces épisodes par les autorités ?
856 41 - ELECTRONIC LOCATION AND ACCESS
Uniform Resource Identifier <a href="https://shs.cairn.info/revoltes-et-repressions-dans-la-france-moderne--9782200274900?lang=fr&redirect-ssocas=7080">https://shs.cairn.info/revoltes-et-repressions-dans-la-france-moderne--9782200274900?lang=fr&redirect-ssocas=7080</a>

Pas d'exemplaire disponible.

PLUDOC

PLUDOC est la plateforme unique et centralisée de gestion des bibliothèques physiques et numériques de Guinée administré par le CEDUST. Elle est la plus grande base de données de ressources documentaires pour les Étudiants, Enseignants chercheurs et Chercheurs de Guinée.

Adresse

627 919 101/664 919 101

25 boulevard du commerce
Kaloum, Conakry, Guinée

Réseaux sociaux

Powered by Netsen Group @ 2025